fundamentals of fluid mechanics (Record no. 299535)
[ view plain ]
| 000 -LEADER | |
|---|---|
| fixed length control field | 00198 a2200085 4500 |
| 001 - CONTROL NUMBER | |
| control field | 64462 |
| 090 ## - LOCALLY ASSIGNED LC-TYPE CALL NUMBER (OCLC); LOCAL CALL NUMBER (RLIN) | |
| -- | 38085 |
| -- | 38085 |
| 245 ## - TITLE STATEMENT | |
| Title | fundamentals of fluid mechanics |
| 260 ## - PUBLICATION, DISTRIBUTION, ETC. | |
| Place of publication, distribution, etc. | New york |
| Name of publisher, distributor, etc. | john wiley and sons |
| Date of publication, distribution, etc. | 1994 |
| 942 ## - ADDED ENTRY ELEMENTS (KOHA) | |
| Institution code [OBSOLETE] | NUST-CAE |
| Withdrawn status | Lost status | Damaged status | Not for loan | Collection code | Permanent Location | Current Location | Date acquired | Total Checkouts | Barcode | Date last seen | Price effective from | Koha item type |
|---|---|---|---|---|---|---|---|---|---|---|---|---|
| College of Aeronautical Engineering (CAE) | College of Aeronautical Engineering (CAE) | 04/03/2017 | CAE59693 | 04/05/2017 | 04/05/2017 | Book |
